| 000 | 00582cam a2200205 4500500 | ||
|---|---|---|---|
| 005 | 20260329003607.0 | ||
| 041 | _afre | ||
| 042 | _adc | ||
| 100 | 1 | 0 |
_aNathan, Tobie _eauthor |
| 245 | 0 | 0 | _aSénégal. Nit ku bon |
| 260 | _c2016. | ||
| 500 | _a58 | ||
| 690 | _aAfrique | ||
| 690 | _aEnfance | ||
| 690 | _aGeorge Sanders | ||
| 690 | _aPossession | ||
| 690 | _aTobie Nathan | ||
| 786 | 0 | _nPhilosophie magazine | 97 | 3 | 2016-03-01 | p. 45-45 | 1951-1787 | |
| 856 | 4 | 1 | _uhttps://shs.cairn.info/magazine-philosophie-magazine-2016-3-page-45?lang=fr&redirect-ssocas=7080 |
| 999 |
_c1825869 _d1825869 |
||